000 00444nam a22001817a 4500
003 koha_MIRAKIL
005 20231213095457.0
008 231213b |||||||| |||| 00| 0 ||| d
020 _b978-9-75080320-8
040 _aTR-IsEVY
_btur
_cTR-IsEVY
082 _a800 ONA/B
100 _aONARAN, ALİ ŞERİF.
245 0 _aBİNBİR GECE MASALLARI.
260 _bYapı Kredi,
_c2012
300 _a372.
650 _aEdebiyat.
942 _2ddc
_cBK
999 _c4274
_d4274